Star Wars : Un Nouvel Espoir - Statistiques

Statistiques générales
  • Ce quiz a été pris 15 fois
  • Le résultat moyen est 9 sur 12
Statistiques - réponses
Question Réponse % Correct
Je vous attendais, Obi-Wan. Enfin nous nous retrouvons. La boucle est maintenant bouclée. Quand je vous ai quitté, j’étais votre disciple. Aujourd’hui, je suis le maître. Dark Vador
92%
Un droïde ça ne broie pas le bras de son adversaire quand il perd au jeu. Alors qu’un wookie, lui, il s’en prive pas ! Han Solo
92%
Vous êtes venus dans cette casserole ? Mmmh, vous êtes plus courageux que je ne le pensais. Leia Organa
92%
Si c’est pour l’argent que vous faites ça, alors c’est tout ce que vous recevrez ! Leia Organa
92%
Au secours, Obi-Wan Kenobi. Vous êtes mon seul espoir. Leia Organa
92%
L’œil ne voit que la surface des choses, ne t’y fie pas. Obi-Wan Kenobi
92%
Le sabre laser de ton père, l’arme des chevaliers Jedi. Les nouveaux pistolasers sont bien moins précis. C’est élégant, maniable. L’arme noble d’une époque civilisée. Obi-Wan Kenobi
92%
Votre manque de foi me consterne. Dark Vador
69%
Obi-Wan Kenobi… Ce nom vois-tu, il semble vraiment ressurgir d’outre tombe… Oui d’outre-tombe… Obi-Wan Kenobi
69%
Si tu me terrasse, alors je deviendrai bien plus puissant que tu ne puisses jamais l’imaginer. Obi-Wan Kenobi
62%
S’il y a un point central dans cet univers, tu es sur la planète qui en est le plus éloigné… Luke Skywalker
46%
Qu’est-ce qui te fait croire qu’il y a une ville là-bas ? C3PO
38%
Aucun quiz correspondant
Distribution des résultats
% des personnes avec chaque résultat
Percentile par nombre de réponses
Votre historique - résultats
Vous n’avez pas pris ce quiz